000 00508nam a2200181Ia 4500
008 090124s9999 xx 000 0 und d
082 _b26011
_a2714
100 _aपवार जयंत
245 _a" वंश, पाऊलखुणा"
250 _a1
260 _c1989
300 _a79
600 _aपवार जयंत
630 _a" वंश, पाऊलखुणा"
700 _aपवार जयंत
730 _a" वंश, पाऊलखुणा"
942 _cBOOK
999 _c139496
_d139496